000 00540nam a2200181Ia 4500
005 20250326125216.0
008 250326s9999 xx 000 0 und d
037 _aTextbook
040 _aFMSL
_beng
_cFMSL
041 _aeng
_2eng
084 _aX518 L8
_qFMSL
100 _aDanenburg W P
_9738662
245 0 _aIntroduction to wholesale distribution
_cDanenburg W P; Moncrief R L And Others
260 _aNew Jersey
_bNew Jersey, Prentice-Hall
_c1978
300 _a347p
942 _cTB
_hX518 L8
999 _c1277021
_d1277021